Регионална библиотека "Любен Каравелов" - Русе

Драконът Мартин (Запис номер 148675)

MARC детайли
000 -Лидер
Контролно поле с фиксирана дължина nam a22 a 4500
003 - Код на организацията, давaща контролен номер
Контролно поле BLK
005 - Дата и час на последна редакция
Контролно поле 20230202164643.0
008 - Елементи от данни с фиксирана дължина
fixed length control field 180410b bul|||||r ||||||| ||bul||
010 ## - Наследен системен номер
LC control number KNG00154900000
040 ## - Източник на каталожния запис
Идентификатор на билиотеката - собственик на записа BLK
041 ## - Код за език
Код за езика на текст/звукозапис или на отделно заглавие Български
Код за езика КДБФ Български
080 ## - УДК
Текстов определител УДК Австрийска литература
УДК код - определител по УДК 821.112(436)
УДК определител -31
УДК - код + определител 821.112(436)-31
100 1# - Редна дума - Автор
Автор Ценкер, Хелмут
Авторска отговорност първи автор
R(LIN) 139884
139 ## - Редно поле
Редна дума Ценкер, Хелмут
Авторски знак Ценк - Ц 48
245 10 - Сведения за заглавието
Заглавие Драконът Мартин
Подзаглавни данни Роман за деца
Редно поле (дума) Хелмут Ценкер; прев. от нем. Ивета Милева; худож. Теодора Стойчева.
257 ## - Страна на издаване
Страна на създаване/издаване Австрия
260 ## - Област на издателските данни
Място на издаване, разпространение и проч. София
Име на издателя, разпространителя и проч. Отечество
Година на издаване 1982
Печатница София : Д. Благоев
300 ## - Физическа характеристика
Страници 109 с.
Илюстрации и др. с цв. ил.
Размери/Мащаб 22 см
380 ## - Жанр
Жанр Детска худож. лит.
500 ## - Общи забележки
Забележка Ориг. загл. Der Drache Marten. - 25 115 тир.
653 ## - Ключова дума – ненормативна
Ключова дума романи
653 ## - Ключова дума – ненормативна
Ключова дума детска литература
700 1# - Други автори (авторска отговорност)
Лично име Милева, Ивета
Автороска отговорност (Описва отношението между автора и произведението) прев. от нем.
9 (RLIN) 368858
700 1# - Други автори (авторска отговорност)
Лично име Стойчева, Теодора
Автороска отговорност (Описва отношението между автора и произведението) худож.
9 (RLIN) 379436
852 ## - Местоположение
Форматна сигнатура Цб 265882
856 4# - Електронен адрес и достъп
Електронен формат pdf - файл
Инструкция (цена за достъп) 0.00
Права за достъп disable
856 4# - Електронен адрес и достъп
Електронен формат pdf - файл
Инструкция (цена за достъп) 0.00
Права за достъп disable
999 ## - СИСТЕМНИ КОНТРОЛНИ НОМЕРА
Koha biblionumber 148675
Koha biblioitemnumber 148675
942 ## - АРТИКУЛИ
Вид на библиотечния материал Книги
Скрит в OPAC Не
Периодичен библиозапис Да
944 ## - СЪЗДАВАНЕ И РЕДАКЦИЯ на ЗАПИСА
Създаване/Редакция Създаване
Дата на регистрацията/редакция 21.12.2013
Статус, дата на статуса 21.12.2013 - от С1,Р / 21.12.2013
Служител, извършил регистрацията/редакцията Ванина_Грозева
944 ## - СЪЗДАВАНЕ И РЕДАКЦИЯ на ЗАПИСА
Създаване/Редакция Редакция
Дата на регистрацията/редакция 21.12.2013
Статус, дата на статуса 21.12.2013 - от С1,Р / 21.12.2013
999 ## - СИСТЕМНИ КОНТРОЛНИ НОМЕРА
Koha biblioitemnumber 148675
Наличности
Код за отписване Код за изгубен артикул Източник на класификационната схема Код за повреда Коз за рестрикции Код за отдаване Артикулен № Име на библиотеката - собственик Име на библиотеката, в която се намира в момента Статус (Текущо местоположение) Дата на вписване в системата Местоположение - отдел Цена в лева Инвентарен номер Систематично азбучна сигнатура Баркод Номер на екземпляра Цена в евро Служебна бележка Служебен тип на артикула Бележка за публиката
  Не е изгубен Universal Decimal Classification Не е повреден без рестрикции ползва се в читалня 247642 Регионална библиотека "Любен Каравелов" Русе Регионална библиотека "Любен Каравелов" Русе Хранилище 1982-01-01 Хранилище 0.56 362569 Цб 265882 120000362569 1 0.29 N: стар фонд Дата: 01.01.1982 Книги  
  Не е изгубен Universal Decimal Classification Не е повреден без рестрикции заемане за дома 247643 Регионална библиотека "Любен Каравелов" Русе Регионална библиотека "Любен Каравелов" Русе Детски отдел 1982-01-01 Детски отдел 0.56 363212 ДХ 820/899/Ц 48 120000363212 2 0.29 N: стар фонд Дата: 01.01.1982 Дата инв: 07.10.2015 Бележки инв: Д2015 Книги  
Изтеглен Не е изгубен   Не е повреден без рестрикции заемане за дома 247644 Регионална библиотека "Любен Каравелов" Русе Регионална библиотека "Любен Каравелов" Русе   1982-01-01 Детски отдел 0.00 363214 ДХ 820/899/Ц 48 363214 3 0.00 N: стар фонд Дата: 01.01.1982 Дата инв: 07.10.2015 Бележки инв: Д2015 Книги Отч.N: 33/2017 , Дата: 04.09.2017
Vip Innovations Ltd, Rousse, Bulgaria 2025